Journey through 1971 (Record no. 4281)

000 -LEADER
fixed length control field 00518nam a2200193 a 4500
001 - CONTROL NUMBER
control field 4281
003 - CONTROL NUMBER IDENTIFIER
control field BD-DhUET
008 - FIXED-LENGTH DATA ELEMENTS--GENERAL INFORMATION
fixed length control field 040807s2004 bg a 000 0aeng
020 ## - INTERNATIONAL STANDARD BOOK NUMBER
International Standard Book Number 9840801791
040 ## - CATALOGING SOURCE
Original cataloging agency DLC
Transcribing agency DLC
Modifying agency BD-DhUET
082 ## - DEWEY DECIMAL CLASSIFICATION NUMBER
Classification number 920
Item number FAR/2004
100 ## - MAIN ENTRY--PERSONAL NAME
Personal name Farida Huq
245 10 - TITLE STATEMENT
Title Journey through 1971
Remainder of title my story
Statement of responsibility, etc. by Farida Huq
250 ## - EDITION STATEMENT
Edition statement 1st ed.
260 ## - PUBLICATION, DISTRIBUTION, ETC. (IMPRINT)
Place of publication, distribution, etc. Dhaka
Name of publisher, distributor, etc. Academic Press and Publishers Limited
Date of publication, distribution, etc. 2004
300 ## - PHYSICAL DESCRIPTION
Extent xii, 358 p. :
Other physical details ill. ;
Dimensions 23 cm.
650 #0 - SUBJECT ADDED ENTRY--TOPICAL TERM
Topical term or geographic name as entry element Autobiographies
942 ## - ADDED ENTRY ELEMENTS (KOHA)
Koha item type General Book
Holdings
Shelving location Withdrawn status Koha date last seen Koha normalized classification for sorting Koha full call number Source of classification or shelving scheme Koha item type Piece designation (barcode) Lost status Sublocation or collection (holding branch) Date acquired Location (home branch) Copy number Not for loan Damaged status Price effective from
Circulation section 2014-11-15920FAR2004920/FAR/2004 General Book99156 Central Library, BUET2014-11-15Central Library, BUET1  2014-11-15